<?xml version="1.0" encoding="UTF-8"?>
<collection xmlns="http://www.loc.gov/MARC21/slim">
 <record>
  <leader>01784nam a22002417a 4500</leader>
  <controlfield tag="001">NCT_49177</controlfield>
  <controlfield tag="008">180911b        xxu||||| |||| 00| 0 vie d</controlfield>
  <datafield tag="999" ind1=" " ind2=" ">
   <subfield code="c">2352</subfield>
   <subfield code="d">2352</subfield>
  </datafield>
  <datafield tag="020" ind1=" " ind2=" ">
   <subfield code="a">9786048221492</subfield>
   <subfield code="c">72000</subfield>
  </datafield>
  <datafield tag="082" ind1="0" ind2="4">
   <subfield code="2">23rd ed.</subfield>
   <subfield code="a">720.716</subfield>
   <subfield code="b">Qu106</subfield>
  </datafield>
  <datafield tag="100" ind1="1" ind2=" ">
   <subfield code="a">Đặng Đức Quang</subfield>
  </datafield>
  <datafield tag="245" ind1="1" ind2="0">
   <subfield code="a">Hệ thống bài tập phương pháp thể hiện kiến trúc</subfield>
   <subfield code="c">Đặng Đức Quang</subfield>
  </datafield>
  <datafield tag="260" ind1=" " ind2=" ">
   <subfield code="a">H.</subfield>
   <subfield code="b">Xây dựng</subfield>
   <subfield code="c">2017</subfield>
  </datafield>
  <datafield tag="300" ind1=" " ind2=" ">
   <subfield code="a">132 tr.</subfield>
   <subfield code="b">Hình vẽ, bảng</subfield>
   <subfield code="c">27cm</subfield>
  </datafield>
  <datafield tag="520" ind1="3" ind2=" ">
   <subfield code="a">&quot;Giới thiệu về vật liệu và dụng cụ thể hiện hồ sơ thiết kế công trình kiến trúc. Trình bày phương pháp thể hiện bản vẽ thiết kế kiến trúc bằng nét, thể hiện vẽ tô mảng diện, thể hiện hồ sơ công trình kiến trúc bằng mô hình&quot;</subfield>
  </datafield>
  <datafield tag="653" ind1=" " ind2=" ">
   <subfield code="a">Kiến trúc</subfield>
  </datafield>
  <datafield tag="942" ind1=" " ind2=" ">
   <subfield code="2">ddc</subfield>
   <subfield code="c">BK</subfield>
  </datafield>
  <datafield tag="952" ind1=" " ind2=" ">
   <subfield code="0">0</subfield>
   <subfield code="1">0</subfield>
   <subfield code="2">ddc</subfield>
   <subfield code="4">0</subfield>
   <subfield code="6">720_716000000000000_QU106</subfield>
   <subfield code="7">0</subfield>
   <subfield code="9">13587</subfield>
   <subfield code="a">000001</subfield>
   <subfield code="b">000001</subfield>
   <subfield code="d">2018-09-11</subfield>
   <subfield code="o">720.716 Qu106</subfield>
   <subfield code="p">MD.13152</subfield>
   <subfield code="r">2018-09-11</subfield>
   <subfield code="v">72000.00</subfield>
   <subfield code="w">2018-09-11</subfield>
   <subfield code="y">BK</subfield>
  </datafield>
  <datafield tag="952" ind1=" " ind2=" ">
   <subfield code="0">0</subfield>
   <subfield code="1">0</subfield>
   <subfield code="2">ddc</subfield>
   <subfield code="4">0</subfield>
   <subfield code="6">720_716000000000000_QU106</subfield>
   <subfield code="7">0</subfield>
   <subfield code="9">13588</subfield>
   <subfield code="a">000001</subfield>
   <subfield code="b">000001</subfield>
   <subfield code="d">2018-09-11</subfield>
   <subfield code="l">1</subfield>
   <subfield code="o">720.716 Qu106</subfield>
   <subfield code="p">MD.13153</subfield>
   <subfield code="r">2019-11-15</subfield>
   <subfield code="s">2019-11-13</subfield>
   <subfield code="v">72000.00</subfield>
   <subfield code="w">2018-09-11</subfield>
   <subfield code="y">BK</subfield>
  </datafield>
  <datafield tag="952" ind1=" " ind2=" ">
   <subfield code="0">0</subfield>
   <subfield code="1">0</subfield>
   <subfield code="2">ddc</subfield>
   <subfield code="4">0</subfield>
   <subfield code="6">720_716000000000000_QU106</subfield>
   <subfield code="7">0</subfield>
   <subfield code="9">13589</subfield>
   <subfield code="a">000001</subfield>
   <subfield code="b">000001</subfield>
   <subfield code="d">2018-09-11</subfield>
   <subfield code="o">720.716 Qu106</subfield>
   <subfield code="p">MD.13154</subfield>
   <subfield code="r">2018-09-11</subfield>
   <subfield code="v">72000.00</subfield>
   <subfield code="w">2018-09-11</subfield>
   <subfield code="y">BK</subfield>
  </datafield>
  <datafield tag="952" ind1=" " ind2=" ">
   <subfield code="0">0</subfield>
   <subfield code="1">0</subfield>
   <subfield code="2">ddc</subfield>
   <subfield code="4">0</subfield>
   <subfield code="6">720_716000000000000_QU106</subfield>
   <subfield code="7">0</subfield>
   <subfield code="9">13590</subfield>
   <subfield code="a">000001</subfield>
   <subfield code="b">000001</subfield>
   <subfield code="d">2018-09-11</subfield>
   <subfield code="o">720.716 Qu106</subfield>
   <subfield code="p">MD.13155</subfield>
   <subfield code="r">2018-09-11</subfield>
   <subfield code="v">72000.00</subfield>
   <subfield code="w">2018-09-11</subfield>
   <subfield code="y">BK</subfield>
  </datafield>
  <datafield tag="952" ind1=" " ind2=" ">
   <subfield code="0">0</subfield>
   <subfield code="1">0</subfield>
   <subfield code="2">ddc</subfield>
   <subfield code="4">0</subfield>
   <subfield code="6">720_716000000000000_QU106</subfield>
   <subfield code="7">0</subfield>
   <subfield code="9">13591</subfield>
   <subfield code="a">000001</subfield>
   <subfield code="b">000001</subfield>
   <subfield code="d">2018-09-11</subfield>
   <subfield code="o">720.716 Qu106</subfield>
   <subfield code="p">MD.13156</subfield>
   <subfield code="r">2018-09-11</subfield>
   <subfield code="v">72000.00</subfield>
   <subfield code="w">2018-09-11</subfield>
   <subfield code="y">BK</subfield>
  </datafield>
  <datafield tag="980" ind1=" " ind2=" ">
   <subfield code="a">Thư viện Trường Đại học Nam Cần Thơ</subfield>
  </datafield>
 </record>
</collection>
